000 00734 a2200229 4500
005 20251210122616.0
008 251210b |||||||| |||| 00| 0 eng d
020 _a9789365961009 (hbk)
037 _cTB
040 _aCRL
_cCRL
041 _2eng
_aeng
084 _aO111,3N56:g R5
_qCRL
100 _aGhosh, Amitav
_9849897
245 _aWild fictions:
_bessays
260 _aNew Delhi, India:
_bFourth Estate,
_c2025.
300 _axvii, 471p.
365 _b799.00
_cINR
650 _aEnglish Literature
_9855709
650 _aEnglish Fiction
_9855710
942 _cTB
_2CC
_n0
_hO111,3N56:g R5
999 _c1465095
_d1465095